| 000 | 00775nam a2200145Ia 4500 | ||
|---|---|---|---|
| 008 | 151213s9999 xx 000 0 und d | ||
| 100 | _aনওয়াব ফয়েজুন্নেছা হল বার্ষিকী একাডেমী। | ||
| 245 |
_aঈষিকার অগ্নিদাহ। _cনওয়াব ফয়েজুন্নেছা হল বার্ষিকী একাডেমী। |
||
| 260 |
_aঢাকা। _bনওয়াব ফয়জুন্নেছা হল ছাত্রী সংসদ। |
||
| 300 | _a9285 p. | ||
| 650 | _aBangla | ||
| 650 | _aপত্রিকা | ||
| 700 | _aনওয়াব ফয়েজুন্নেছা হল বার্ষিকী একাডেমী। | ||
| 999 |
_c4751 _d4751 |
||